000 00356nam a2200133Ia 4500
005 20260328101445.0
008 260328s9999||||xx |||||||||||||| ||und||
100 _aDachs, Sandra
245 0 _aObjects and furniture Design :
_b Charles and Ray Eames /
_cSandra Dachs
260 _bPolígrafa
300 _a127 p.
650 _aDISEÑO INDUSTRIAL
942 _cBK
999 _c8416
_d8416